000 00487nam a22001937a 4500
003 MPLRDC
005 20220104192626.0
008 210129b ||||| |||| 00| 0 eng d
020 _a978-986-6005-14-5
082 _a413.92 JZAS
100 _a近泽爱沙
245 _a超强足疗法
_c张秀慧 译
250 _a初版
260 _a台湾
_b大树林出版社
_c2013
300 _b
490 _a名医建康书: 28
650 _a推拿; 按摩
942 _cBK
_o413.92 JZAS
999 _c64802
_d64792